000 00971nam a2200277 a 4500
001 000006572
003 DO-SdBNP
005 20240919130743.0
008 090901s2005 dr aa 000 0 spa d
020 _a9993479470
040 _aDO-SdBNP
_bspa
_cBNPHU
082 4 _a616.89
_bR763h
100 1 _aRomero, Lino A.,
_d1930-
_918245
245 1 0 _aHistoria de la psiquiatría dominicana /
_cLino A. Romero.
260 _aSanto Domingo :
_bBúho,
_c2005.
300 _a301 p. :
_bil., retr. ;
_c24 cm.
500 _aIncluye notas al pie de las páginas.
504 _aBibliografía : p. 297-301
590 _aLa biblioteca posee 3 ejemplares autografiados por el autor.
590 _aInventariado, 2018/LP
650 4 _aPsiquiatría
_xHistoria
_zRepública Dominicana
_918246
650 4 _aHospitales psiquiátricos
_xHistoria
_zRepública Dominicana
_918247
650 4 _aEnfermos mentales
_918248
910 _aValidado. Control de calidad. MMOLINA
942 _2ddc
_cLBS1
999 _c6363
_d6363